Welcome to CU Library Online Public Access Catalogue (OPAC)

An introduction to foreign exchange & money markets. (Record no. 3787)

MARC details
000 -LEADER
fixed length control field 00789cam a22002294a 4500
001 - CONTROL NUMBER
control field 4047921
005 - DATE AND TIME OF LATEST TRANSACTION
control field 20250210135216.0
008 - FIXED-LENGTH DATA ELEMENTS--GENERAL INFORMATION
fixed length control field 990204s1999 si a b 000 0 eng
020 ## - INTERNATIONAL STANDARD BOOK NUMBER
International Standard Book Number 047183128X
050 00 - LIBRARY OF CONGRESS CALL NUMBER
Classification number HG3821
Item number .I54 1999
082 00 - DEWEY DECIMAL CLASSIFICATION NUMBER
Classification number 332.4/5
Edition information 21
245 03 - TITLE STATEMENT
Title An introduction to foreign exchange & money markets.
260 ## - PUBLICATION, DISTRIBUTION, ETC.
Place of publication, distribution, etc. Singapore ;
-- New York :
Name of publisher, distributor, etc. Wiley,
Date of publication, distribution, etc. 1999.
300 ## - PHYSICAL DESCRIPTION
Extent 352 p. :
Other physical details ill. ;
Dimensions 25 x 27 cm.
440 #4 - SERIES STATEMENT/ADDED ENTRY--TITLE
Title The Reuters financial training series
650 #0 - SUBJECT ADDED ENTRY--TOPICAL TERM
Topical term or geographic name entry element Foreign exchange.
650 #0 - SUBJECT ADDED ENTRY--TOPICAL TERM
Topical term or geographic name entry element Foreign exchange futures.
650 #0 - SUBJECT ADDED ENTRY--TOPICAL TERM
Topical term or geographic name entry element Money market.
856 41 - ELECTRONIC LOCATION AND ACCESS
Materials specified Table of contents
Uniform Resource Identifier <a href="http://www.loc.gov/catdir/toc/wiley041/99017730.html">http://www.loc.gov/catdir/toc/wiley041/99017730.html</a>
856 42 - ELECTRONIC LOCATION AND ACCESS
Materials specified Publisher description
Uniform Resource Identifier <a href="http://www.loc.gov/catdir/description/wiley041/99017730.html">http://www.loc.gov/catdir/description/wiley041/99017730.html</a>
942 ## - ADDED ENTRY ELEMENTS (KOHA)
Source of classification or shelving scheme Library of Congress Classification
Koha item type Books
Suppress in OPAC No
999 ## -
-- 3787
-- 3787
Holdings
Withdrawn status Lost status Source of classification or shelving scheme Damaged status Not for loan Collection Home library Current library Shelving location Date acquired Total checkouts Full call number Barcode Date last seen Copy number Price effective from Koha item type
    Library of Congress Classification     Non-fiction Undergraduate Library (Christ Temple) Undergraduate Library (Christ Temple) General stacks 02/10/2025   HG3821.I54 ulct00001143 02/10/2025 1 02/10/2025 Books
© 2023-2024 Copyright: Central University Libraries. All Rights Reserved | Created by: Mahone Tech Office